Bienvenue à la Médiathèque de Saint-Andiol
banniere
Accueil Recherche avancée Mon compte
handi1 Rechercher dans le catalogue

Filtre   Mots-clés
  Recherche avancée
 
Lister les dernières nouveautés
 
Lister les livres GROS CARACTERES
 
Lister les périodiques (magazines)

handi1 Que choisir [ 632 ]

<< Retourner aux résultats de la recherche
Book Cover
Titre : Que choisir [ 632 ]
Support : Livres
Langue : Francais
Publié : 2023 Union Fédérale des Consommateurs
Genre : Revues et magazines
Collection : Que Choisir
Sujets : Consommateurs
Étiquettes :
Pas de tags
LEADER 00825nas0a2200253 450
001 16862298
011 |d 5,2 € 
100 |a 20240202d2023 u u0frey01 ba 
101 1 |a fre  |c fre 
102 |a FR 
110 0 |a afu 0uu0 
200 0 |a Que choisir [ 632 ]  |f Alain Bazot 
207 1 |a  632 
210 |c Union Fédérale des Consommateurs  |d 2023 
215 |a 66 p.  |c couv. ill. coul. ; ill. coul.  |d 28 cm 
225 1 |a Que Choisir 
464 |a Tri, réemploi, recyclage vous payez... pour quels résultats? 
464 |a Dentifrice des subtances indésirables ! 
464 |a Répéteurs et kits CPL Boostez Internet 
610 0 |a Consommateurs 
676 |a 070.17 
900 |a Revues et magazines 
901 |a Adultes 
995 |a Médiathèque  |c Médiathèque  |f 089019968  |h 089019968  |k 070.17 QUE 632  |o p  |q u  |r az  |e Médiathèque